[Event "X Abierto Constitucion "]
[Site "San Sebastian de los Reyes "]
[Date "2008.12.03"]
[Round "4.23"]
[White "Nieto Esteban, Manuel"]
[Black "Rial Rodriguez, Eduardo"]
[Result "1-0"]
[WhiteElo "1811"]
[BlackElo "1415"]
[PlyCount "63"]
[EventDate "2008.11.30"]

1. e4 e6 2. d4 d5 3. Nc3 Bb4 4. e5 c5 5. a3 Bxc3+ 6. bxc3 Ne7 7. Qg4 Qc7 8. Bd2
Ng6 9. Bd3 Nc6 10. Ne2 Bd7 11. O-O O-O-O 12. Bxg6 hxg6 13. Rfb1 Qa5 14. Bg5
Rde8 15. a4 Qa6 16. Rb5 Nxe5 17. Rxc5+ Nc6 18. Nc1 Kb8 19. Qg3+ Ka8 20. Qc7 Bc8
21. Qxf7 Kb8 22. Bf4+ e5 23. Bxe5+ Nxe5 24. Qc7+ Ka8 25. dxe5 Qf6 26. Nd3 Qh4
27. e6 Bxe6 28. Rb1 Bc8 29. a5 a6 30. h3 Qg5 31. Rc6 Re7 32. Rxa6+ 1-0

[Event "X Abierto Constitucion "]
[Site "San Sebastian de los Reyes "]
[Date "2008.12.03"]
[Round "4.26"]
[White "Gueler Berdasco, Martin"]
[Black "Peinador Garcia-Aranda, Dam"]
[Result "1/2-1/2"]
[WhiteElo "1891"]
[BlackElo "1825"]
[PlyCount "74"]
[EventDate "2008.11.30"]

1. d4 g6 2. c4 Nf6 3. Bg5 Bg7 4. Nc3 d6 5. Qd2 h6 6. Bf4 Nbd7 7. Nf3 c5 8. d5
Nh5 9. h4 Nxf4 10. Qxf4 Qa5 11. Qd2 a6 12. e3 Ne5 13. Nxe5 Bxe5 14. Bd3 Bxc3
15. Qxc3 Qxc3+ 16. bxc3 Kd8 17. Kd2 Kc7 18. a4 a5 19. e4 b6 20. f4 Ba6 21. e5
Rag8 22. Rhf1 Bc8 23. Rae1 Bd7 24. Bc2 Rg7 25. Re2 Rd8 26. Kc1 Bg4 27. Re3 f5
28. Rfe1 g5 29. hxg5 hxg5 30. g3 gxf4 31. gxf4 Rh7 32. Bd1 Rh4 33. exd6+ exd6
34. Rf1 Bxd1 35. Kxd1 Rd7 36. Ke2 Rh2+ 37. Rf2 Rh4 1/2-1/2

[Event "X Abierto Constitucion "]
[Site "San Sebastian de los Reyes "]
[Date "2008.12.03"]
[Round "4.27"]
[White "Cerrato Torrijos, Maria"]
[Black "Morona Minguez, Irene"]
[Result "1-0"]
[WhiteElo "1880"]
[BlackElo "1743"]
[PlyCount "49"]
[EventDate "2008.11.30"]

1. e4 c5 2. Nf3 e6 3. d4 cxd4 4. Nxd4 Nc6 5. Nc3 a6 6. Be3 Qc7 7. Bd3 Nf6 8.
O-O Bb4 9. Nxc6 bxc6 10. Na4 O-O 11. a3 Bd6 12. f4 e5 13. f5 Rb8 14. Qf3 Re8
15. g4 h6 16. h4 Nh7 17. g5 Bf8 18. Qh5 d5 19. gxh6 Nf6 20. Qg5 dxe4 21. hxg7
Bxg7 22. Bc4 Nh7 23. Qg6 Qe7 24. f6 Nxf6 25. Bh6 1-0

[Event "X Abierto Constitucion "]
[Site "San Sebastian de los Reyes "]
[Date "2008.12.04"]
[Round "5.1"]
[White "Roa Alonso, Santiago"]
[Black "Garcia Fernandez, Carlos"]
[Result "1-0"]
[WhiteElo "2457"]
[BlackElo "2396"]
[PlyCount "99"]
[EventDate "2008.11.30"]

1. e4 d6 2. d4 Nf6 3. Nc3 e5 4. Nge2 exd4 5. Nxd4 Be7 6. g3 Bg4 7. f3 Bd7 8.
Be3 Nc6 9. Qe2 O-O 10. O-O-O Nxd4 11. Bxd4 b5 12. Nxb5 Rb8 13. c4 c6 {(=)} 14.
Nc3 c5 15. Be3 Qa5 16. g4 Bc6 17. h4 Rb7 18. Qe1 Rfb8 19. Rh2 Bf8 20. h5 Nd7
21. f4 Nf6 22. Rc2 Nxg4 23. Bg1 h6 24. a3 Ba4 25. Nxa4 Qxa4 26. Bd3 Nf6 27. e5
dxe5 28. fxe5 Re8 29. Bh2 Rbe7 30. Qe2 Qc6 31. Rf1 Nh7 32. Be4 Qc8 33. Bd5 Ng5
34. Bf4 Qf5 35. Bd2 Qxe5 36. Qxe5 Rxe5 37. Bxg5 hxg5 38. Bxf7+ Kh7 39. Bxe8
Rxe8 40. Rg2 Kh6 41. Rf5 Bd6 42. Kc2 Bf4 43. Rg4 Re2+ 44. Kc3 Re3+ 45. Kc2 Re2+
46. Kb1 Re1+ 47. Ka2 Re4 48. Rfxg5 Bxg5 49. Rxe4 Kxh5 50. b4 1-0

[Event "X Abierto Constitucion "]
[Site "San Sebastian de los Reyes "]
[Date "2008.12.04"]
[Round "5.2"]
[White "Adan Bermudez, Sergio"]
[Black "Almagro Llamas, Pablo"]
[Result "1/2-1/2"]
[WhiteElo "2227"]
[BlackElo "2476"]
[PlyCount "63"]
[EventDate "2008.11.30"]

1. c4 c6 2. Nf3 Nf6 3. g3 d5 4. b3 Bf5 5. Bg2 e6 6. Bb2 Nbd7 7. O-O Bd6 8. d3
Qe7 9. Nc3 O-O 10. cxd5 cxd5 11. Nd4 Bg6 12. Ndb5 Bb4 13. a3 Ba5 14. b4 Bd8 15.
Rc1 a6 16. Nd4 Nb6 17. Nb3 Bc7 18. Nc5 Bd6 19. e4 dxe4 20. N3xe4 Nxe4 21. dxe4
Rfd8 22. Nxb7 Qxb7 23. e5 Be4 24. Bxe4 Qxe4 25. exd6 Nc4 26. Re1 Qd5 27. Qxd5
exd5 28. Bd4 Rxd6 29. a4 Rd7 30. Red1 Rb8 31. Rb1 f6 32. b5 1/2-1/2

[Event "X Abierto Constitucion "]
[Site "San Sebastian de los Reyes "]
[Date "2008.12.04"]
[Round "5.3"]
[White "Elissalt Cardenas, Hector"]
[Black "Barria Zuñiga, Daniel"]
[Result "0-1"]
[WhiteElo "2314"]
[BlackElo "2423"]
[PlyCount "68"]
[EventDate "2008.11.30"]

1. d4 Nf6 2. Nf3 e6 3. e3 g6 4. c4 Bg7 5. Nc3 O-O 6. Bd3 c5 7. O-O d5 8. a3
cxd4 9. exd4 dxc4 10. Bxc4 Nc6 11. Be3 a6 12. Ba2 Ne7 13. Rc1 b5 14. Ne5 Bb7
15. Qe2 Rc8 16. Bg5 Qd6 17. Rfd1 Ned5 18. Bxd5 Bxd5 19. Bxf6 Bxf6 20. Ne4 Bxe4
21. Qxe4 Bxe5 22. dxe5 Rxc1 23. Rxc1 Qd2 24. Rb1 Rc8 25. g3 Rc1+ 26. Rxc1 Qxc1+
27. Kg2 Qxb2 28. Qe3 h5 29. h3 Kg7 30. h4 a5 31. Qf4 Qxa3 32. Qf6+ Kg8 33. g4
hxg4 34. Qd8+ Kh7 0-1

[Event "X Abierto Constitucion "]
[Site "San Sebastian de los Reyes "]
[Date "2008.12.04"]
[Round "5.4"]
[White "Ramirez Garcia, Jorge Alberto"]
[Black "Taboas Rodriguez, Daniel"]
[Result "0-1"]
[WhiteElo "2238"]
[BlackElo "2349"]
[PlyCount "94"]
[EventDate "2008.11.30"]

1. e4 e6 2. d4 d5 3. Nc3 Nf6 4. e5 Nfd7 5. f4 c5 6. Nf3 Nc6 7. Be3 a6 8. Qd2 b5
9. dxc5 Bxc5 10. Bxc5 Nxc5 11. Qf2 Qb6 12. b4 Nd7 13. a4 Qxf2+ 14. Kxf2 bxa4
15. b5 axb5 16. Bxb5 Bb7 17. Bxc6 Bxc6 18. Nd4 Ra6 19. Ra3 Ke7 20. Rha1 Nc5 21.
Nxc6+ Rxc6 22. R1a2 Rhc8 23. Ke3 Na6 24. Kd2 d4 25. Nb5 Nb4 26. Rxa4 Nxa2 27.
Rxa2 Rd8 28. Kd3 f6 29. Nxd4 fxe5 30. fxe5 Rc5 31. Ke4 Rc4 32. Ra7+ Rd7 33.
Rxd7+ Kxd7 34. Kd3 Rc5 35. Nf3 h6 36. h4 Ra5 37. g4 Ra3+ 38. c3 Ra4 39. Nd4 Ra1
40. Nf3 Kc6 41. Ke4 Kc5 42. h5 Kc4 43. Nd4 Re1+ 44. Kf4 Kd5 45. Nf3 Re4+ 46.
Kg3 Re3 47. c4+ Ke4 0-1

[Event "X Abierto Constitucion "]
[Site "San Sebastian de los Reyes "]
[Date "2008.12.04"]
[Round "5.5"]
[White "Anton Veiga, Juan Carlos"]
[Black "Morales Rivera, John Alexander"]
[Result "0-1"]
[WhiteElo "2144"]
[BlackElo "2338"]
[PlyCount "58"]
[EventDate "2008.11.30"]

1. e4 c5 2. Nf3 Nc6 3. d4 cxd4 4. Nxd4 e6 5. Nc3 Qc7 6. Be2 a6 7. O-O Nf6 8.
Be3 b5 9. Nxc6 dxc6 10. Bf3 Bd6 11. h3 O-O 12. Qe2 e5 13. Rfd1 Be6 14. Bg5 Be7
15. Rd2 h6 16. Bxf6 Bxf6 17. b3 Rad8 18. Rd3 Rd4 19. Bg4 Rfd8 20. Rad1 Kf8 21.
g3 c5 22. Bxe6 fxe6 23. Kg2 c4 24. bxc4 bxc4 25. Rf3 Kg8 26. Rb1 Rd2 27. Qe3
Rxc2 28. Qb6 Qxb6 29. Rxb6 Rd3 0-1

[Event "X Abierto Constitucion "]
[Site "San Sebastian de los Reyes "]
[Date "2008.12.04"]
[Round "5.6"]
[White "Ramos Aldoradin, John Paul"]
[Black "Sanchez Camacho, Antonio"]
[Result "1/2-1/2"]
[WhiteElo "2102"]
[BlackElo "2205"]
[PlyCount "59"]
[EventDate "2008.11.30"]

1. e4 c6 2. c4 d5 3. cxd5 cxd5 4. exd5 Nf6 5. Nc3 Nxd5 6. Nf3 g6 7. Bc4 Nxc3 8.
bxc3 Bg7 9. O-O O-O 10. Re1 Qc7 11. Bb3 h6 12. Ba3 Re8 13. d4 Bg4 14. Rc1 Nc6
15. h3 Bxf3 16. Qxf3 e6 17. Rcd1 Na5 18. c4 Nxb3 19. axb3 b5 20. cxb5 Qa5 21.
Bc5 Qxb5 22. b4 a5 23. bxa5 Qxa5 24. Ra1 Qxa1 25. Rxa1 Rxa1+ 26. Kh2 Rd8 27.
Qc3 Rd1 28. Qc2 Bxd4 29. Bxd4 R1xd4 30. Kg3 1/2-1/2

[Event "X Abierto Constitucion "]
[Site "San Sebastian de los Reyes "]
[Date "2008.12.04"]
[Round "5.7"]
[White "Sanchez-Alarcos Galian, Victor"]
[Black "Vukotic Jovsic, Dragan"]
[Result "1-0"]
[WhiteElo "2011"]
[BlackElo "2066"]
[PlyCount "95"]
[EventDate "2008.11.30"]

1. e4 e6 2. d4 d5 3. Nc3 Bb4 4. e5 c5 5. a3 Bxc3+ 6. bxc3 Qc7 7. Qg4 Ne7 8. Bd3
cxd4 9. Ne2 Nbc6 10. cxd4 h5 11. Qf4 g5 12. Qf6 Rg8 13. O-O Bd7 14. Bxg5 O-O-O
15. h4 Ng6 16. Rab1 Qa5 17. Qxf7 Rdf8 18. Qh7 Rh8 19. Qxg6 Rfg8 20. Qf7 Rf8 21.
Qg7 Rfg8 22. Qf6 Rf8 23. Rb5 Qc7 24. Rfb1 b6 25. Rc5 Rxf6 26. Bxf6 Rg8 27. Ba6+
Kb8 28. Nf4 Bc8 29. Bb5 Bd7 30. Bxc6 Bxc6 31. Nxe6 Qd7 32. Ng5 Bb7 33. e6 Qa4
34. Rc3 Rc8 35. Be5+ Ka8 36. Rbb3 Rc4 37. e7 Qd7 38. Bf6 Bc6 39. Rxc4 dxc4 40.
Re3 Qe8 41. Ne6 Kb7 42. Nd8+ Kc7 43. Nxc6 Kxc6 44. Bg5 b5 45. Rf3 a5 46. Rf8
Kd7 47. Rxe8 Kxe8 48. Bd2 1-0

[Event "X Abierto Constitucion "]
[Site "San Sebastian de los Reyes "]
[Date "2008.12.04"]
[Round "5.8"]
[White "Perez Cameselle, Francisco"]
[Black "Esquivias Gomez, Fco. Javier"]
[Result "1-0"]
[WhiteElo "2010"]
[BlackElo "2048"]
[PlyCount "53"]
[EventDate "2008.11.30"]

1. Nf3 g6 2. e4 Bg7 3. g3 e5 4. d3 Ne7 5. Bg2 O-O 6. O-O c5 7. Nbd2 d6 8. Ne1
Nbc6 9. f4 f5 10. Ndf3 d5 11. exd5 Nxd5 12. fxe5 Nxe5 13. Nxe5 Bxe5 14. Nf3 Bf6
15. c3 Kg7 16. Re1 f4 17. Qb3 fxg3 18. hxg3 Nb6 19. Qb5 Bg4 20. Ne5 Bxe5 21.
Rxe5 Nd7 22. Bg5 Qc7 23. Re7+ Kh8 24. Bf4 Qb6 25. Qxb6 Nxb6 26. Be5+ Kg8 27.
Rg7+ 1-0

[Event "X Abierto Constitucion "]
[Site "San Sebastian de los Reyes "]
[Date "2008.12.04"]
[Round "5.9"]
[White "Rodrigo Yanguas, Maria"]
[Black "Alonso Garuti, Luis E"]
[Result "1-0"]
[WhiteElo "2037"]
[BlackElo "1986"]
[PlyCount "75"]
[EventDate "2008.11.30"]

1. e4 c5 2. Nf3 e6 3. d4 cxd4 4. Nxd4 a6 5. Be2 Nf6 6. Nc3 Qc7 7. O-O Be7 8. f4
d6 9. Be3 Nc6 10. Qe1 Nxd4 11. Bxd4 e5 12. Be3 Be6 13. Qg3 b5 14. a3 h5 15. h3
Bc4 16. Bxc4 bxc4 17. Rad1 Rb8 18. fxe5 dxe5 19. Rf5 Kf8 20. Rdf1 Qc6 21. Nd5
Bd8 22. Qxe5 Rb5 23. a4 Rb7 24. Nxf6 gxf6 25. Bc5+ Be7 26. Bxe7+ Rxe7 27. Qxf6
Rh6 28. Qd4 Qb6 29. Rc5 Qe6 30. Rxc4 Kg8 31. Qd8+ Re8 32. Qd5 Qb6+ 33. Rc5 Ree6
34. Kh1 Qxb2 35. Qd8+ Kg7 36. Rc8 Kg6 37. Rf5 Qc1+ 38. Kh2 1-0

[Event "X Abierto Constitucion "]
[Site "San Sebastian de los Reyes "]
[Date "2008.12.04"]
[Round "5.10"]
[White "Madurga Lopez, Ignacio"]
[Black "De Dios Alija, Rafael"]
[Result "1-0"]
[WhiteElo "1819"]
[BlackElo "2030"]
[PlyCount "103"]
[EventDate "2008.11.30"]

1. e4 d5 2. exd5 Nf6 3. Bb5+ Bd7 4. Bxd7+ Qxd7 5. Nf3 Nxd5 6. d4 e6 7. O-O Nc6
8. c3 Be7 9. Re1 O-O 10. Nbd2 Rad8 11. Ne4 h6 12. Qe2 Rfe8 13. Bd2 a6 14. Rad1
b5 15. Bc1 Bf8 16. Ne5 Nxe5 17. dxe5 Qc6 18. Qg4 Kh8 19. Qh5 Rd7 20. Ng5 Kg8
21. Rd3 g6 22. Qh4 Nf4 23. Qxf4 hxg5 24. Qg3 Rxd3 25. Qxd3 Be7 26. Qe4 Qxe4 27.
Rxe4 Rd8 28. Rd4 Rxd4 29. cxd4 Kf8 30. Kf1 Ke8 31. Ke2 Kd7 32. Kd3 c5 33. dxc5
Bxc5 34. f3 Be7 35. Kd4 Kc6 36. Bd2 f5 37. exf6 Bxf6+ 38. Ke4 Bxb2 39. Bxg5 a5
40. Be3 a4 41. Bd4 Ba3 42. Bg7 Bd6 43. f4 b4 44. g4 g5 45. fxg5 a3 46. Ba1 Kd7
47. h4 Ke7 48. h5 Kf7 49. g6+ Kg8 50. h6 e5 51. Kf5 Bf8 52. g7 1-0

[Event "X Abierto Constitucion "]
[Site "San Sebastian de los Reyes "]
[Date "2008.12.04"]
[Round "5.11"]
[White "Suarez Uriel, Adrian"]
[Black "Nieto Esteban, Manuel"]
[Result "1-0"]
[WhiteElo "2123"]
[BlackElo "1811"]
[PlyCount "41"]
[EventDate "2008.11.30"]

1. e4 e5 2. Nf3 Nf6 3. Nc3 Nc6 4. d4 exd4 5. Nxd4 Bb4 6. Nxc6 bxc6 7. Bd3 O-O
8. O-O Ne8 9. e5 Bxc3 10. bxc3 d6 11. Ba3 a5 12. Be4 Bb7 13. Rb1 Rb8 14. Qf3
Ba6 15. Rfd1 c5 16. Bd5 Rxb1 17. Rxb1 dxe5 18. Bxc5 Nd6 19. c4 Qh4 20. Bxd6
cxd6 21. Qxf7+ 1-0

[Event "X Abierto Constitucion "]
[Site "San Sebastian de los Reyes "]
[Date "2008.12.04"]
[Round "5.12"]
[White "Castejon Caballero, Natalia"]
[Black "Farmer Negrini, Leo"]
[Result "1-0"]
[WhiteElo "2084"]
[BlackElo "1794"]
[PlyCount "51"]
[EventDate "2008.11.30"]

1. e4 d6 2. d4 g6 3. Nc3 Bg7 4. f3 Nf6 5. Be3 O-O 6. Qd2 e5 7. Nge2 Nc6 8. g4
exd4 9. Nxd4 Ne5 10. Be2 a6 11. O-O-O b5 12. h4 h5 13. gxh5 Nxh5 14. Rdg1 Nc4
15. Bxc4 bxc4 16. Bh6 Bb7 17. Bxg7 Nxg7 18. h5 Qf6 19. f4 c5 20. Nde2 Ne6 21.
hxg6 fxg6 22. f5 Ng7 23. Rxg6 Qe5 24. Qh6 Kf7 25. Rxg7+ Ke8 26. Rxb7 1-0

[Event "X Abierto Constitucion "]
[Site "San Sebastian de los Reyes "]
[Date "2008.12.04"]
[Round "5.13"]
[White "Vazquez Gonzalez, Jesus"]
[Black "Garcia Lopez, Fernando"]
[Result "1-0"]
[WhiteElo "2071"]
[BlackElo "1675"]
[PlyCount "53"]
[EventDate "2008.11.30"]

1. Nc3 e5 2. e4 Nc6 3. f4 Nf6 4. fxe5 Nxe5 5. d4 Nc6 6. e5 Ng8 7. Nf3 d5 8. Be2
h6 9. O-O Be6 10. a3 Qd7 11. Be3 O-O-O 12. b4 f6 13. b5 Nce7 14. a4 Nf5 15. Bf2
g5 16. exf6 Nxf6 17. Ne5 Qg7 18. b6 cxb6 19. a5 b5 20. a6 bxa6 21. Rxa6 Rd6 22.
Qa1 Rxa6 23. Qxa6+ Qb7 24. Qxe6+ Nd7 25. Qe8+ Kc7 26. Qxd7+ Kb8 27. Nc6+ 1-0

[Event "X Abierto Constitucion "]
[Site "San Sebastian de los Reyes "]
[Date "2008.12.04"]
[Round "5.14"]
[White "Rial Rodriguez, Javier"]
[Black "Heras Cuenca, Miguel Angel"]
[Result "1-0"]
[WhiteElo "1716"]
[BlackElo "2008"]
[PlyCount "37"]
[EventDate "2008.11.30"]

1. e4 e5 2. Nf3 Nf6 3. Nxe5 d6 4. Nf3 Nxe4 5. d4 d5 6. Bd3 Be7 7. O-O Nc6 8. c4
Nb4 9. cxd5 Nxd3 10. Qxd3 Qxd5 11. Re1 Bf5 12. Nc3 Nxc3 13. Qxc3 Qd8 14. Bg5 f6
15. Rxe7+ Kxe7 16. Qc5+ Qd6 17. Qxf5 fxg5 18. Re1+ Kd8 19. Nxg5 1-0

[Event "X Abierto Constitucion "]
[Site "San Sebastian de los Reyes "]
[Date "2008.12.04"]
[Round "5.15"]
[White "Camarero Izquierdo, Juan Carlos"]
[Black "Fernandez Gil, Ruben Carlos"]
[Result "1-0"]
[WhiteElo "1939"]
[BlackElo "1574"]
[PlyCount "39"]
[EventDate "2008.11.30"]

1. e4 e5 2. Nf3 Nc6 3. Bb5 d6 4. O-O Bd7 5. d3 Nf6 6. Nbd2 Be7 7. Re1 O-O 8.
Nf1 a6 9. Bxc6 bxc6 10. Ng3 Bg4 11. h3 Be6 12. d4 exd4 13. Nxd4 Qd7 14. Ndf5 d5
15. Nxe7+ Qxe7 16. Bg5 Rad8 17. e5 h6 18. exf6 gxf6 19. Bxh6 Rfe8 20. Qh5 1-0

[Event "X Abierto Constitucion "]
[Site "San Sebastian de los Reyes "]
[Date "2008.12.04"]
[Round "5.19"]
[White "Sierra Bermejo, Gregorio"]
[Black "Fernandez Aransay, Fernando"]
[Result "1/2-1/2"]
[WhiteElo "1792"]
[BlackElo "1958"]
[PlyCount "38"]
[EventDate "2008.11.30"]

1. c4 Nf6 2. Nc3 g6 3. Nf3 Bg7 4. g3 O-O 5. Bg2 d5 6. cxd5 Nxd5 7. O-O c6 8. d4
Bg4 9. h3 Be6 10. Ng5 Bc8 11. e4 Nf6 12. Be3 e6 13. Qc2 b6 14. Rad1 Bb7 15. Nf3
Nbd7 16. Rfe1 Rc8 17. Qd2 Qe7 18. Bg5 Qb4 19. a3 Qb3 1/2-1/2

[Event "X Abierto Constitucion "]
[Site "San Sebastian de los Reyes "]
[Date "2008.12.04"]
[Round "5.20"]
[White "Takvor Mena, Samuel"]
[Black "Cerrato Torrijos, Maria"]
[Result "0-1"]
[WhiteElo "1538"]
[BlackElo "1880"]
[PlyCount "72"]
[EventDate "2008.11.30"]

1. e4 c5 2. f4 d6 3. Nf3 g6 4. Bc4 Bg7 5. O-O Nc6 6. Qe1 e6 7. d3 Nge7 8. Nc3
O-O 9. Qg3 d5 10. Bb5 Nb4 11. Ba4 Qa5 12. a3 Na6 13. Qh4 Qd8 14. Ng5 h6 15. Nh3
Nc6 16. Qg4 dxe4 17. dxe4 Nd4 18. Be3 Nc7 19. Rad1 Qe7 20. Ne2 h5 21. Qg5 Qxg5
22. fxg5 Nxe2+ 23. Kh1 Nd4 24. c3 b5 25. cxd4 bxa4 26. e5 Nd5 27. Bg1 cxd4 28.
Bxd4 Bb7 29. Nf4 Nxf4 30. Rxf4 Rad8 31. Rff1 Rd5 32. Bxa7 Rfd8 33. Rxd5 Rxd5
34. h4 Rd2 35. Rf2 Rd1+ 36. Kh2 Bxe5+ 0-1

[Event "X Abierto Constitucion "]
[Site "San Sebastian de los Reyes "]
[Date "2008.12.04"]
[Round "5.23"]
[White "Jimenez Vera, Ruben"]
[Black "Gueler Berdasco, Martin"]
[Result "0-1"]
[WhiteElo "1551"]
[BlackElo "1891"]
[PlyCount "92"]
[EventDate "2008.11.30"]

1. d4 Nf6 2. c4 c5 3. Nf3 g6 4. Nc3 cxd4 5. Nxd4 Bg7 6. g3 O-O 7. Bg2 Nc6 8.
Nf3 d6 9. e4 Bd7 10. O-O a6 11. Be3 Ng4 12. Bd2 Rb8 13. Rb1 Nce5 14. Nxe5 Nxe5
15. Qe2 b5 16. cxb5 Bxb5 17. Nxb5 Rxb5 18. Bc3 Qb6 19. Rfc1 a5 20. Bf1 Rc5 21.
Kh1 Qb7 22. b4 axb4 23. Rxb4 Qc6 24. Bxe5 Rxc1 25. Bxg7 Kxg7 26. Qb2+ Kg8 27.
Kg2 Rc2 28. Qd4 e5 29. Qe3 Ra8 30. Bb5 Qc5 31. Qxc5 dxc5 32. Rb1 Raxa2 33. Rf1
Rab2 34. Ba4 Rd2 35. Rc1 Rxf2+ 36. Kh3 Rbe2 37. Rxc5 Rxh2+ 38. Kg4 Rxe4+ 39.
Kg5 Rh5+ 40. Kf6 Rf5+ 41. Ke7 Rxa4 42. Rc8+ Kg7 43. Rd8 e4 44. g4 Ra7+ 45. Kd6
Ra6+ 46. Ke7 Re5+ 0-1

[Event "X Abierto Constitucion "]
[Site "San Sebastian de los Reyes "]
[Date "2008.12.04"]
[Round "5.27"]
[White "Galan Aguado, Fernando"]
[Black "Morona Minguez, Irene"]
[Result "0-1"]
[WhiteElo "1811"]
[BlackElo "1743"]
[PlyCount "44"]
[EventDate "2008.11.30"]

1. d4 d5 2. Nf3 Nf6 3. Nbd2 Bf5 4. Nh4 Bg4 5. h3 Bd7 6. e3 e6 7. Bd3 c5 8. b3
Nc6 9. Nhf3 Bd6 10. Bb2 O-O 11. O-O Re8 12. Ne5 Qc7 13. f4 cxd4 14. Nxc6 dxe3
15. Bxf6 gxf6 16. Qg4+ Kf8 17. Bxh7 Bxc6 18. Nf3 Bxf4 19. Nd4 Be5 20. Nxe6+ {
(=)} fxe6 21. Rxf6+ Bxf6 22. Qh5 Bxa1 0-1

[Event "X Abierto Constitucion "]
[Site "San Sebastian de los Reyes "]
[Date "2008.12.05"]
[Round "6.1"]
[White "Almagro Llamas, Pablo"]
[Black "Roa Alonso, Santiago"]
[Result "1/2-1/2"]
[WhiteElo "2476"]
[BlackElo "2457"]
[PlyCount "125"]
[EventDate "2008.11.30"]

1. e4 e5 2. Nf3 Nc6 3. Bb5 a6 4. Ba4 Nf6 5. O-O Be7 6. Re1 b5 7. Bb3 d6 8. c3
O-O 9. h3 Nb8 10. d4 Nbd7 11. Nbd2 Bb7 12. Bc2 Re8 13. Nf1 Bf8 14. Ng3 g6 15.
a4 c5 16. d5 c4 17. Be3 Nc5 18. Qd2 h5 19. Bh6 Nh7 20. Bxf8 Rxf8 21. Qh6 Qe7
22. Ra3 Rab8 23. Rea1 Bc8 24. axb5 axb5 25. Ra5 Qf6 26. Qe3 Re8 27. Ne2 Bd7 28.
Nc1 Qf4 29. Qxf4 exf4 30. Ra7 Nf6 31. Nd2 g5 32. f3 g4 33. Kf2 gxh3 34. gxh3 h4
35. Ne2 Nh5 36. b4 cxb3 37. Nxb3 Nxb3 38. Rg1+ Ng3 39. Bxb3 Red8 40. Nxf4 Rbc8
41. Ne6 Bxe6 42. dxe6 Rxc3 43. exf7+ Kf8 44. Be6 Rc2+ 45. Ke3 Rc3+ 46. Kd2 Rxf3
47. Bd5 Kg7 48. Rga1 Rf8 49. Ra8 R8xf7 50. Bxf7 Nxe4+ 51. Ke2 Rxf7 52. Ke3 d5
53. R8a7 Ng5 54. Rxf7+ Kxf7 55. Rh1 b4 56. Kf4 Ne4 57. Ke5 b3 58. Kxd5 Nd2 59.
Ke5 Kg6 60. Kf4 Kh5 61. Rg1 b2 62. Rg5+ Kh6 63. Rb5 1/2-1/2

[Event "X Abierto Constitucion "]
[Site "San Sebastian de los Reyes "]
[Date "2008.12.05"]
[Round "6.2"]
[White "Barria Zuñiga, Daniel"]
[Black "Taboas Rodriguez, Daniel"]
[Result "1/2-1/2"]
[WhiteElo "2423"]
[BlackElo "2349"]
[PlyCount "87"]
[EventDate "2008.11.30"]

1. d4 Nf6 2. c4 g6 3. Nc3 Bg7 4. e4 d6 5. Nf3 O-O 6. Be2 e5 7. O-O Nc6 8. d5
Ne7 9. Ne1 Nd7 10. Nd3 f5 11. f3 f4 12. Bd2 g5 13. a4 h5 14. a5 Rf7 15. Rc1 Nf6
16. Nf2 Bf8 17. c5 Rg7 18. h3 dxc5 19. Na4 b6 20. b4 cxb4 21. Bxb4 Ng6 22. Bxf8
Qxf8 23. d6 cxd6 24. axb6 Be6 25. Bc4 Bxc4 26. Rxc4 axb6 27. Nxb6 Rd8 28. Rc6
Kh7 29. Qd3 Nh8 30. Rd1 Nf7 31. Nd5 Ne8 32. Rdc1 Rg6 33. Qb3 Ng7 34. Rc7 Ne6
35. Ra7 Ra8 36. Rca1 Nc5 37. Qb6 Rxa7 38. Rxa7 Re6 39. Qc7 Kg7 40. Ne7 Kf6 41.
Nd5+ Kg7 42. Ne7 Kf6 43. Nd5+ Kg7 44. Ne7 1/2-1/2

[Event "X Abierto Constitucion "]
[Site "San Sebastian de los Reyes "]
[Date "2008.12.05"]
[Round "6.3"]
[White "Morales Rivera, John Alexander"]
[Black "Candela Perez, Jose"]
[Result "0-1"]
[WhiteElo "2338"]
[BlackElo "2402"]
[PlyCount "82"]
[EventDate "2008.11.30"]

1. e4 e5 2. Nf3 Nc6 3. Bb5 a6 4. Ba4 Nf6 5. O-O Be7 6. Re1 b5 7. Bb3 d6 8. c3
O-O 9. h3 Na5 10. Bc2 c5 11. d4 Nd7 12. dxe5 dxe5 13. Nbd2 f6 14. Nf1 Nb6 15.
Qe2 Be6 16. Ne3 Qc7 17. Nh4 g6 18. Qf3 Kh8 19. Qg3 Rg8 20. Ng4 Nc6 21. f4 Bxg4
22. hxg4 c4 23. Nf3 Bd6 24. Qh4 Raf8 25. fxe5 Nxe5 26. Nxe5 Bxe5 27. Be3 Bg3
28. Qh6 Bxe1 29. Rxe1 Nd7 30. g5 Ne5 31. Bd4 Qg7 32. Qh4 fxg5 33. Qxg5 Re8 34.
Rf1 h6 35. Qf6 Qxf6 36. Rxf6 Kh7 37. Rxa6 h5 38. Rb6 Nd3 39. Rb7+ Kh6 40. Rxb5
Rxe4 41. b3 Re2 0-1

[Event "X Abierto Constitucion "]
[Site "San Sebastian de los Reyes "]
[Date "2008.12.05"]
[Round "6.4"]
[White "Lopez Del Alamo, Antonio"]
[Black "Adan Bermudez, Sergio"]
[Result "1/2-1/2"]
[WhiteElo "2311"]
[BlackElo "2227"]
[PlyCount "118"]
[EventDate "2008.11.30"]

1. e4 c5 2. Nf3 Nc6 3. b3 e5 4. Bb5 Nge7 5. Bb2 d6 6. Bc4 Ng6 7. h4 Bg4 8. g3
h5 9. Be2 Be7 10. d3 Nf8 11. Nc3 Qa5 12. Kf1 Ne6 13. Nd5 b5 14. Kg2 Bxf3+ 15.
Bxf3 g6 16. c3 Qd8 17. a4 b4 18. cxb4 Nxb4 19. Nxb4 cxb4 20. Rc1 Rc8 21. Rxc8
Qxc8 22. d4 Bf6 23. dxe5 Bxe5 24. Bxe5 dxe5 25. Qd6 Qc7 26. Qxb4 a5 27. Qb5+
Ke7 28. b4 Rb8 29. Qxa5 Qxa5 30. bxa5 Rb4 31. Ra1 Nc5 32. Be2 Kd6 33. Bb5 Nxe4
34. a6 Kc7 35. Re1 Kb8 36. Bc6 f5 37. Rd1 Ka7 38. Bb7 Rxa4 39. Rd7 Nc5 40. Rg7
Nxb7 41. Rxb7+ Kxa6 42. Rg7 Rg4 43. f3 Rb4 44. Rxg6+ Kb7 45. Rg5 f4 46. Rxe5
Rb2+ 47. Kh3 Rb3 48. Rf5 Rxf3 49. Rxf4 Rxf4 50. gxf4 Kc6 51. Kg3 Kd5 52. Kf3
Kd4 53. Kf2 Ke4 54. Kg3 Kd5 55. Kg2 Ke4 56. Kg3 Kd5 57. Kf3 Kd4 58. Kf2 Ke4 59.
Kg3 Kd5 1/2-1/2

[Event "X Abierto Constitucion "]
[Site "San Sebastian de los Reyes "]
[Date "2008.12.05"]
[Round "6.5"]
[White "Garcia Fernandez, Carlos"]
[Black "Sanchez-Alarcos Galian, Victor"]
[Result "1/2-1/2"]
[WhiteElo "2396"]
[BlackElo "2011"]
[PlyCount "176"]
[EventDate "2008.11.30"]

1. e4 c5 2. c3 Nf6 3. e5 Nd5 4. Nf3 Nc6 5. d4 cxd4 6. Bc4 Nb6 7. Bb3 d5 8. exd6
Qxd6 9. O-O Be6 10. Bxe6 Qxe6 11. Nxd4 Nxd4 12. Qxd4 Rd8 13. Qb4 Qe2 14. a4 Rd5
15. a5 e6 16. axb6 Bxb4 17. bxa7 O-O 18. cxb4 Rd1 19. Nd2 Rxf1+ 20. Nxf1 Ra8
21. Bd2 Qe4 22. b5 Qe5 23. Ra4 Qxb5 24. Rb4 Qa6 25. Be3 Rxa7 26. Bxa7 Qxa7 27.
g3 b6 28. Ne3 Qa5 29. Rb3 b5 30. h4 h5 31. Kg2 Qa4 32. Rc3 Qb4 33. Rc8+ Kh7 34.
Rc2 f6 35. f4 Qe1 36. Kf3 Qb4 37. Re2 Kg6 38. Ng2 Qb3+ 39. Ne3 Kh6 40. Kf2 Qd3
41. Nf1 Qd4+ 42. Ne3 g5 43. fxg5+ fxg5 44. hxg5+ Kxg5 45. Kf3 e5 46. Rc2 e4+
47. Ke2 Qd6 48. Kf1 Qd4 49. Re2 Qf6+ 50. Rf2 Qd6 51. Rf5+ Kg6 52. Rf2 Qd3+ 53.
Re2 b4 54. Kf2 Qb3 55. Ke1 Qe6 56. Rf2 Qe5 57. Kf1 Kh6 58. Kg2 Qg5 59. Rf4 Qe5
60. Rf2 Qb5 61. Rd2 Qc5 62. Re2 Kh7 63. Nf1 Qc4 64. Rd2 Qb5 65. Rf2 Qd3 66. Kg1
e3 67. Rf3 Qd4 68. Nxe3 Qxb2 69. Rf4 b3 70. Nc4 Qc1+ 71. Kg2 b2 72. Nxb2 Qxb2+
73. Kg1 Kg6 74. Rh4 Kg5 75. Rf4 Qe2 76. Kh1 h4 77. Rxh4 Qf1+ 78. Kh2 Qf2+ 79.
Kh3 Qg1 80. Rg4+ Kf5 81. Rf4+ Ke5 82. Kh4 Qh2+ 83. Kg4 Qh6 84. Kf3 Qc6+ 85. Kf2
Qc2+ 86. Kf3 Qd1+ 87. Kf2 Qh1 88. Rh4 Qd1 1/2-1/2